000
00328nam a22001457a 4500
008
211011b ||||| |||| 00| 0 eng d
020
_a
9780521654180
041
_a
eng
080
_a
71
082
_a
71
100
_a
44
101
_a
ARK
245
_a
Distributed Object Architectures with Cobra
_c
Balen,H
942
_2
udc
_c
BK
999
_c
58129
_d
58129